Globalización y diversidad religiosa en Colombia

Gardado en:
Detalles Bibliográficos
Main Authors: Bidegain Greising, Ana María (Author), Demera Vargas, Juan Diego (Author)
Formato: Libro
Idioma:Lingua castelá
Publicado: Bogotá Universidad Nacional de Colombia 2005
Subjects:
Tags: Engadir etiqueta
Sen Etiquetas, Sexa o primeiro en etiquetar este rexistro!

MARC

LEADER 00000nam a2200000 a 4500
001 UCI2583
003 CL-VaPUC
008 070831e20050000CK |||||||||||||||||spa|d
020 |a 9587014979 
082 0 4 |a 291.17  |b BID  |2 21 
100 0 |a Bidegain Greising, Ana María  |e author  |9 523611 
700 0 |a Demera Vargas, Juan Diego  |e author  |9 523612 
245 1 0 |a Globalización y diversidad religiosa en Colombia 
300 |a 430 p 
942 |c BK 
945 |d 20070831 00:00:00  |a rbrito 
260 |a Bogotá  |b Universidad Nacional de Colombia  |c 2005 
650 0 |a Catolicismo  |9 258690 
650 0 |a Protestantismo  |9 317293 
650 0 |a Religión y política  |9 399284 
650 0 |a RELIGIOSIDAD POPULAR  |9 842380 
651 0 |a Colombia  |9 256424 
583 |a last modification  |c 20070831 00:00:00  |k Rodrigo Vera 
999 |c 327074  |d 327072 
952 |0 0  |1 0  |4 0  |6 291_170000000000000_BID_2005  |7 0  |8 A  |9 409481  |a BIBEDU  |b BIBEDU  |d 2019-11-22  |i 4368355  |o 291.17 BID 2005  |p 4368355  |r 2019-11-22  |w 2019-11-22  |y BK  |k EDU